Výklad k zákonu o pobyte cudzincov na území Slovenskej republiky

Výklad k zákonu Národnej rady SR č.73/1995 o pobyte cudzincov na území Slovenskej republiky. Základná charakteristika podmienok vstupu cudzincov a ich pobytu na území SR.

Saved in:
Bibliographic Details
Main Author: Švenda, R.
Format: Book Chapter
Language:Slovak
Subjects:
Tags: Add Tag
No Tags, Be the first to tag this record!

MARC

LEADER 00000naa a2200000 4500
001 r017550
005 20221213095544.3
041 0 |a slo 
044 |a SK 
245 1 0 |a Výklad k zákonu o pobyte cudzincov na území Slovenskej republiky  |c R. Švenda 
520 |a Výklad k zákonu Národnej rady SR č.73/1995 o pobyte cudzincov na území Slovenskej republiky. Základná charakteristika podmienok vstupu cudzincov a ich pobytu na území SR. 
610 2 0 |a zákony 
610 2 0 |a Slovensko 
610 2 0 |a cudzinci 
610 2 0 |a 1995 
610 2 0 |a komentáre 
610 2 0 |a politika vnútorná 
610 2 0 |a migrácia 
100 1 |a Švenda, R.